What is the future for Amazonia?: socio-economic and environmental transformation and the role of road infraestructure /

Gardado en:
Detalles Bibliográficos
Outros autores: Dijck, Pitou van (Editor)
Formato: Libro
Idioma:English
Etiquetas: Engadir etiqueta
Sen Etiquetas, Sexa o primeiro en etiquetar este rexistro!

MARC

LEADER 00000nam a22000007a 4500
003 cru CIDCACS/IIS
005 20200925161340.0
007 ta
008 170503t2014 ne ||||| |||| 00| 0 eng d
040 |c CRAI/IIS  |a CRAI/IIS 
100 1 |9 4437  |a Dijck, Pitou van   |e editor 
245 1 |a What is the future for Amazonia?:  |b socio-economic and environmental transformation and the role of road infraestructure /  |c Pitou van Dijck 
300 |a 122 páginas:  |b tablas, gráficos, mapas 
773 0 |0 19222  |9 693  |a Centro de Estudios Latinoamericanos y Documentación   |d Amsterdam, Países Bajos: Centro de Estudios Latinoamericanos y Documentación   |o R17973  |t Cuadernos del Cedla / 
942 |2 ddc  |c PP 
999 |c 19250  |d 19250